Central Library OPAC University of Rajshahi

Scientific glassblowing / (Record no. 69408)

MARC details
000 -LEADER
fixed length control field 00733nam a2200229 a 4500
001 - CONTROL NUMBER
control field 69408
003 - CONTROL NUMBER IDENTIFIER
rucl marc code BD-RjUL
005 - DATE AND TIME OF LATEST TRANSACTION
control field 20211209081902.0
008 - FIXED-LENGTH DATA ELEMENTS--GENERAL INFORMATION
fixed length control field 170411s1958 nyua|||| b||| 001 0 eng d
035 ## - SYSTEM CONTROL NUMBER
System control number (BD-RjUL)69619
040 ## - CATALOGING SOURCE
Original cataloging agency BD-RjUL
Language of cataloging eng
Transcribing agency BD-RjUL
041 ## - LANGUAGE CODE
Language code of text/sound track or separate title eng
082 ## - DEWEY DECIMAL CLASSIFICATION NUMBER
Edition number 23
Classification number 666.122
Author mark and year WHS 1958
100 ## - MAIN ENTRY--PERSONAL NAME
Personal name Wheeler, E. L.
9 (RLIN) 205606
245 ## - TITLE STATEMENT
Title Scientific glassblowing /
Statement of responsibility, etc. E. L. Wheeler [and] with a preface by G. Ross Robertson.
260 ## - PUBLICATION, DISTRIBUTION, ETC. (IMPRINT)
Place of publication, distribution, etc. New York :
Name of publisher, distributor, etc. Interscience Publishers,
Date of publication, distribution, etc. 1958.
300 ## - PHYSICAL DESCRIPTION
Pagination xxii, 478 p. :
Illustrations ill. ;
Size 22 cm.
504 ## - BIBLIOGRAPHY, ETC. NOTE
Bibliography, etc Includes bibliographical references and indexes.
650 ## - SUBJECT ADDED ENTRY--TOPICAL TERM
Topical term or geographic name as entry element Glass blowing and working.
9 (RLIN) 205607
700 ## - ADDED ENTRY--PERSONAL NAME
Personal name Robertson, G. Ross.
942 ## - ADDED ENTRY ELEMENTS (KOHA)
Source of classification or shelving scheme Dewey Decimal Classification
Koha item type Books
Holdings
Lost status Source of classification or shelving scheme Damaged status Not for loan Collection code Permanent Location Current Location Shelving location Date acquired Source of acquisition Cost, normal purchase price Total Checkouts Full call number Date last seen Copy number Koha item type
  Dewey Decimal Classification   Not For Loan Non-fiction Central Library, University of Rajshahi Central Library, University of Rajshahi Reading Room 16/06/1960 Mirza Book Agencies, Lahore. 55.00   666.122 WHS 1958 11/04/2017 C-1 Books